15 krajów o największej liczbie zgonów Covid19 - 12 maja - Statystyki

Ogólne statystyki
  • Ten quiz został rozwiązany 59 razy
  • Średni wynik to 13 z 21
Statystyki odpowiedzi
kraj % Poprawnych
Chiny
93%
Stany Zjednoczone
93%
Włochy
89%
Niemcy
88%
Hiszpania
86%
Francja
79%
Wielka Brytania
79%
Kanada
74%
Brazylia
72%
Meksyk
67%
Szwecja
67%
Szwecja
67%
Holandia
53%
Portugalia
53%
Belgia
44%
Turcja
42%
Iran
39%
Dania
28%
Szwajcaria
28%
Irlandia
26%
Ekwador
4%
Nie znaleziono quizów pasujących do podanych kryteriów
Rozkład punktacji
Procent ludzi z każdym wynikiem
Percentyl według liczby udzielonych odpowiedzi
Twoja historia wyników
Nie rozwiązałeś tego quizu